000 00695nam a2200229Ia 4500
001 3252
003 GE_BSU
008 181216s||||||||xx |||||||||||||| ||und||
040 _cGE_BSU
080 _a624.21(075.32)
100 _aГлотов Н.М. Рыженко А.П. Шпиро Г.С.
245 _aОснования и фундаменты.
245 _bУчебное пособие.
245 _cРед. М. А. Шершукова.
250 _aИзд. 2-е, перер. и доп.
260 _aМ.
260 _bСтройиздат.
260 _c1987.
300 _a286 стр. 22 см. с илл.
653 _aОснования и фундаменты.
942 _cBK
999 _c37293
_d37293